| 000 | 00412nam a2200145 a 4500 | ||
|---|---|---|---|
| 001 | 3710 | ||
| 003 | CDMR | ||
| 005 | 20130809120900.0 | ||
| 008 | 130130s1998||||||||||||||||||||||||||||d | ||
| 040 |
_aCDMR _bcat _cCPC LLEIDA |
||
| 100 | 1 |
_aMartinell, Josep Maria _92641 |
|
| 245 | 1 | 0 |
_aUniones de hecho _cMARTINELL, Josep M, ARECES PIÑOL, Maria Teresa |
| 260 |
_aLleida _c1998 _bUniversitat de Lleida |
||
| 942 |
_cMON _2udc |
||
| 999 |
_c3710 _d3710 |
||